| 000 | 00474cam a22001571 4500 | ||
|---|---|---|---|
| 001 | 9382724 | ||
| 005 | 20250901161143.0 | ||
| 008 | 720315s1964 nyu b 000 0 eng | ||
| 050 | 0 | 0 |
_aHQ773 _b.R64 |
| 100 | 1 |
_aRouček, Joseph S. _q(Joseph Slabey), _d1902-1984, _eed. |
|
| 245 | 1 | 4 |
_aThe difficult child, _cedited by Joseph S. Roucek. |
| 260 |
_aNew York, _bPhilosophical Library _c[1964] |
||
| 300 |
_aviii, 292 p. _c24 cm. |
||
| 650 | 0 | _aProblem children. | |
| 942 |
_2lcc _cBK _n0 |
||
| 999 |
_c7424 _d7424 |
||